000 00741nam a2200265Ia 4500
003 OSt
005 20221007100427.0
006 a|||||r|||| 00| 0
007 ta
008 221006b |||||||| |||| 00| 0 eng d
024 _a4,392
037 _cTextual
040 _aLCO
_cLCO
_beng
041 _2eng
_aeng
082 _aX:9G, L8.1-2
100 _aALBEDA W ED.
_9701666
245 0 _aTemporary work in modern society work within a society economic frame work
260 _aNetherlands
_bKluwer
_c1978
300 _a544
490 _v1
650 _aTEMPORARY WORK
_9701667
700 _a VELDKAMP G M J
_9701668
942 _hX:9G, L8.1-2
_cTEXL
999 _c1173955
_d1173955